[Event "Arvier Spring op-B"]
[Site "Arvier"]
[Date "2017.04.26"]
[Round "7.2"]
[White "Pedemonte, Claudio"]
[Black "Piazza, Giacomo"]
[Result "1-0"]
[WhiteElo "1782"]
[BlackElo "1468"]
[PlyCount "77"]
[EventDate "2017.04.21"]
[EventType "tourn"]
[EventRounds "7"]
[EventCountry "ITA"]
[SourceTitle "EXT 2023"]
[Source "ChessBase"]
[SourceDate "2022.10.05"]
[SourceVersion "1"]
[SourceVersionDate "2022.10.05"]
[SourceQuality "1"]

1. c4 c6 2. e4 d6 3. d4 Qc7 4. Nf3 Bg4 5. Be2 Nd7 6. Nc3 e5 7. d5 Ngf6 8. Be3 Be7 9. 0-0 0-0 10. Rc1 Rfd8 11. b4 a6 12. a4 c5 13. Qb3 b6 14. b5 a5 15. Qd1 Bh5 16. Nd2 Bg6 17. f4 h6 18. f5 Bh7 19. g4 Kh8 20. Rf2 g5 21. fxg6 Bxg6 22. Bxh6 Rg8 23. g5 Nh7 24. Rg2 Bf8 25. Bxf8 Raxf8 26. h4 Qd8 27. h5 Bxh5 28. Bxh5 Rxg5 29. Bf3 Rxg2+ 30. Bxg2 Rg8 31. Qh5 Qe7 32. Rf1 Ndf6 33. Qh4 Rg6 34. Nd1 Kg7 35. Ne3 Qd8 36. Nf5+ Kg8 37. Rf3 Qf8 38. Rh3 Rxg2+ 39. Kxg2 1-0

[Event "Imperia Savona Province-ch"]
[Site "Alassio"]
[Date "2016.01.17"]
[Round "4"]
[White "Pedemonte, Claudio"]
[Black "Morselli, Stefano"]
[Result "1-0"]
[WhiteElo "1812"]
[BlackElo "1814"]
[PlyCount "81"]
[EventDate "2016.01.15"]
[EventType "swiss"]
[EventRounds "5"]
[EventCountry "ITA"]
[SourceTitle "EXT 2018"]
[Source "ChessBase"]
[SourceDate "2017.10.13"]
[SourceVersion "1"]
[SourceVersionDate "2017.10.13"]
[SourceQuality "1"]

1. c4 e5 2. Nc3 Nf6 3. g3 c6 4. Bg2 g6 5. e4 Bg7 6. Nge2 0-0 7. 0-0 d6 8. d3 Be6 9. h3 Qe7 10. f4 Na6 11. f5 Bd7 12. g4 h6 13. Be3 g5 14. Qd2 Ne8 15. Ng3 f6 16. Nh5 Bh8 17. Rf2 Ng7 18. Nxg7 Bxg7 19. Bf3 Nc7 20. Rh2 b5 21. h4 Qf7 22. hxg5 fxg5 23. Qg2 bxc4 24. dxc4 Ne6 25. Rd1 Nd4 26. b3 a5 27. Be2 Bc8 28. Rf1 Qf6 29. Bd1 Bb7 30. Bd2 Qd8 31. Qh3 Rf6 32. Be3 Qe7 33. Ne2 Nxe2+ 34. Bxe2 d5 35. cxd5 cxd5 36. exd5 Bxd5 37. Rd1 Qb7 38. Rxd5 Qxd5 39. Bc4 Qxc4 40. bxc4 Rd6 41. Rd2 1-0

[Event "Imperia Savona Province-ch"]
[Site "Alassio"]
[Date "2016.01.15"]
[Round "1"]
[White "Scarrone, Eugenio"]
[Black "Pedemonte, Claudio"]
[Result "0-1"]
[WhiteElo "1421"]
[BlackElo "1812"]
[PlyCount "56"]
[EventDate "2016.01.15"]
[EventType "swiss"]
[EventRounds "5"]
[EventCountry "ITA"]
[SourceTitle "EXT 2018"]
[Source "ChessBase"]
[SourceDate "2017.10.13"]
[SourceVersion "1"]
[SourceVersionDate "2017.10.13"]
[SourceQuality "1"]

1. e4 d6 2. d4 Nf6 3. Nc3 g6 4. d5 Bg7 5. Nf3 0-0 6. Nd4 c5 7. dxc6 Nxc6 8. Be3 Ng4 9. Nxc6 bxc6 10. Qd2 Nxe3 11. Qxe3 c5 12. Bc4 Qb6 13. Nd5 Qxb2 14. Nxe7+ Kh8 15. 0-0 Qb4 16. Bd5 Bxa1 17. Bxa8 Bg7 18. Nd5 Qb2 19. Qe2 Qxa2 20. Nc7 Qa5 21. Nb5 Ba6 22. Bc6 Rc8 23. Bd7 Rc7 24. Be8 Re7 25. Bc6 Qb6 26. Rd1 Qxc6 27. Rxd6 Qxd6 28. Nxd6 Bxe2 0-1

[Event "Ceriano Laghetto op-B 21st"]
[Site "Ceriano Laghetto"]
[Date "2012.03.??"]
[Round "3"]
[White "Veri, Giustino"]
[Black "Pedemonte, Claudio"]
[Result "1/2-1/2"]
[WhiteElo "1696"]
[BlackElo "1851"]
[PlyCount "75"]
[EventDate "2012.03.24"]
[EventType "swiss"]
[EventRounds "5"]
[EventCountry "ITA"]
[SourceTitle "EXT 2024"]
[Source "ChessBase"]
[SourceDate "2023.10.10"]
[SourceVersion "1"]
[SourceVersionDate "2023.10.10"]
[SourceQuality "1"]

1. d4 d5 2. Nf3 c6 3. c4 e6 4. Nc3 Nf6 5. cxd5 exd5 6. Bg5 Be7 7. e3 h6 8. Bh4 Bg4 9. Be2 Nbd7 10. Qc2 0-0 11. h3 Bh5 12. 0-0 Bg6 13. Bd3 Bxd3 14. Qxd3 Re8 15. Nd2 Ne4 16. Bxe7 Qxe7 17. Ndxe4 dxe4 18. Qc4 Nf6 19. Rac1 Rac8 20. Qb3 Red8 21. Rfd1 g6 22. d5 cxd5 23. Nxd5 Nxd5 24. Rxc8 Rxc8 25. Rxd5 Rc1+ 26. Rd1 Rc8 27. Qd5 b6 28. g3 Kg7 29. Kh2 Rc2 30. Rd2 Rc7 31. Rd4 f5 32. Qb5 h5 33. h4 Kf7 34. a4 Qc5 35. Rd7+ Rxd7 36. Qxd7+ Qe7 37. Qd5+ Kf6 38. Qd4+ 1/2-1/2

[Event "Liguria Region-ch"]
[Site "Spotorno"]
[Date "2011.04.17"]
[Round "4"]
[White "Ciccarelli, Marco"]
[Black "Pedemonte, Claudio"]
[Result "1-0"]
[WhiteElo "1883"]
[BlackElo "1708"]
[PlyCount "69"]
[EventDate "2011.04.15"]
[EventType "swiss"]
[EventRounds "5"]
[EventCountry "ITA"]
[SourceTitle "EXT 2024"]
[Source "ChessBase"]
[SourceDate "2023.10.10"]
[SourceVersion "1"]
[SourceVersionDate "2023.10.10"]
[SourceQuality "1"]

1. e4 d6 2. d4 Nf6 3. Nc3 g6 4. f4 Bg7 5. Nf3 c5 6. Bb5+ Bd7 7. e5 Nh5 8. g4 Nxf4 9. Bxf4 cxd4 10. Qxd4 dxe5 11. Bxe5 f6 12. Bxb8 Rxb8 13. 0-0-0 Bxb5 14. Qxd8+ Rxd8 15. Rxd8+ Kxd8 16. Nxb5 a6 17. Rd1+ Kc8 18. Nbd4 Rd8 19. Ne6 Bh6+ 20. g5 Rxd1+ 21. Kxd1 fxg5 22. Nexg5 Kd7 23. b3 Kc6 24. Ke2 Kc5 25. c3 a5 26. Kd3 b5 27. Nxh7 Bf4 28. h3 e5 29. Nhg5 Kd5 30. Ne4 Ke6 31. Nh4 g5 32. Nf3 Kf5 33. Nexg5 Bxg5 34. Nxg5 Kxg5 35. Ke4 1-0

[Event "Savona Provinz-ch"]
[Site "Savona"]
[Date "2011.01.28"]
[Round "1"]
[White "Pedemonte, Claudio"]
[Black "Carzolio, Luigi"]
[Result "0-1"]
[WhiteElo "1791"]
[BlackElo "1910"]
[PlyCount "64"]
[EventDate "2011.01.28"]
[EventType "swiss"]
[EventRounds "5"]
[EventCountry "ITA"]
[SourceTitle "EXT 2012"]
[Source "ChessBase"]
[SourceDate "2011.11.24"]
[SourceVersion "1"]
[SourceVersionDate "2011.11.24"]
[SourceQuality "1"]

1. c4 e5 2. g3 d5 3. cxd5 Qxd5 4. Nf3 Nc6 5. Nc3 Qd8 6. Bg2 Nf6 7. d3 Bc5 8. 0-0 0-0 9. b3 Re8 10. Bb2 Bf5 11. Rc1 Qe7 12. Qc2 Bb6 13. a3 Nd4 14. Nxd4 exd4 15. Nb5 Qxe2 16. Qxe2 Rxe2 17. Bxd4 Bxd3 18. Nxc7 Rd8 19. Bxf6 gxf6 20. Nd5 Rb2 21. Nxf6+ Kg7 22. Nh5+ Kh6 23. Nf6 Bxf1 24. Rxf1 Rxb3 25. Bxb7 Bxf2+ 26. Rxf2 Rxb7 27. Rf4 Kg6 28. Ng4 Rd2 29. Nf2 h5 30. Kg2 Rb6 31. Kh3 Ra2 32. Ne4 Rbb2 0-1

[Event "Savona Province-ch"]
[Site "Savona"]
[Date "2010.02.13"]
[Round "2"]
[White "Agazzi, Marco"]
[Black "Pedemonte, Claudio"]
[Result "0-1"]
[WhiteElo "1771"]
[BlackElo "1842"]
[PlyCount "138"]
[EventDate "2010.02.12"]
[EventType "swiss"]
[EventRounds "5"]
[EventCountry "ITA"]
[SourceTitle "EXT 2024"]
[Source "ChessBase"]
[SourceDate "2023.10.10"]
[SourceVersion "1"]
[SourceVersionDate "2023.10.10"]
[SourceQuality "1"]

1. Nf3 f5 2. d4 Nf6 3. Bf4 e6 4. e3 b6 5. Bd3 Bb7 6. Nbd2 Be7 7. c3 Ne4 8. Qc2 Nxd2 9. Nxd2 Na6 10. 0-0 c5 11. Qa4 Nc7 12. Bxc7 Qxc7 13. e4 Qf4 14. Qc2 fxe4 15. Bxe4 Bxe4 16. Qxe4 Qxe4 17. Nxe4 cxd4 18. cxd4 0-0 19. Rac1 Rac8 20. a3 d5 21. Nc3 Bf6 22. Rcd1 Rc4 23. Ne2 Rc2 24. Nf4 Rxb2 25. Nxe6 Rc8 26. Nf4 Ra2 27. Rd3 Rc4 28. Rfd1 Bxd4 29. Nxd5 Bxf2+ 30. Kh1 Bc5 31. Rf1 Rxa3 32. Nc3 Bd4 33. Nd5 Bc5 34. Nc3 h6 35. Rd8+ Kh7 36. Nb5 Ra2 37. Rd7 Rcc2 38. Rxa7 Rxg2 39. Rxa2 Rxa2 40. Nc3 Ra3 41. Nb5 Kg6 42. Kg2 Ra2+ 43. Kh3 Rb2 44. Nc7 Bd6 45. Nd5 Rxh2+ 46. Kg4 h5+ 47. Kf3 Bc5 48. Nf4+ Kh6 49. Ng2 Rh3+ 50. Ke4 g5 51. Re1 Rg3 52. Re2 h4 53. Kf5 h3 54. Ne1 Re3 55. Rh2 Rxe1 56. Rxh3+ Kg7 57. Kxg5 Rg1+ 58. Kf5 b5 59. Rb3 b4 60. Ke5 Kf7 61. Kd5 Be7 62. Rf3+ Ke8 63. Rb3 Rc1 64. Kd4 Kd7 65. Kd5 Rc3 66. Rb2 Kc7 67. Ke6 Bc5 68. Kd5 Kb6 69. Ra2 Kb5 0-1

[Event "Imperia Corallo op 4th"]
[Site "Imperia"]
[Date "2009.11.22"]
[Round "5"]
[White "Coqueraut, Jean Dominique"]
[Black "Pedemonte, Claudio"]
[Result "1-0"]
[WhiteElo "1820"]
[BlackElo "1837"]
[PlyCount "103"]
[EventDate "2009.11.20"]
[EventType "swiss"]
[EventRounds "5"]
[EventCountry "ITA"]
[SourceTitle "EXT 2024"]
[Source "ChessBase"]
[SourceDate "2023.10.10"]
[SourceVersion "1"]
[SourceVersionDate "2023.10.10"]
[SourceQuality "1"]

1. d4 f5 2. g3 Nf6 3. Bg2 g6 4. c4 d6 5. Nc3 Bg7 6. Nf3 0-0 7. 0-0 Nc6 8. d5 Ne5 9. Nxe5 dxe5 10. c5 e4 11. Qb3 Kh8 12. Rd1 Nd7 13. c6 Nc5 14. Qb4 b6 15. Be3 a5 16. Qa3 Na6 17. Nb5 Nb4 18. Qb3 Na6 19. Rd2 Qe8 20. Rc1 Qf7 21. a3 h6 22. f4 Kh7 23. Qc2 Bf6 24. Bd4 Bxd4+ 25. Rxd4 Qf6 26. e3 g5 27. Rf1 Rg8 28. fxg5 Qxg5 29. Qf2 e5 30. Rd2 Kh8 31. Bh3 f4 32. exf4 exf4 33. Qd4+ Rg7 34. Bxc8 Rxc8 35. Rxf4 Nc5 36. Qf6 e3 37. Re2 Qxd5 38. Qxh6+ Kg8 39. Nd4 Re8 40. Rh4 Re6 41. Qh8+ Kf7 42. Rf4+ Rf6 43. Rxf6+ Kxf6 44. Qh4+ Kf7 45. Qf4+ Kg8 46. Rxe3 Qh5 47. Qe5 Qd1+ 48. Re1 Qd2 49. Qe8+ Kh7 50. Qh5+ Qh6 51. Qxh6+ Kxh6 52. Nf5+ 1-0

[Event "Imperia Corallo op 4th"]
[Site "Imperia"]
[Date "2009.11.22"]
[Round "4"]
[White "Pedemonte, Claudio"]
[Black "Giacometto, Mario"]
[Result "1/2-1/2"]
[WhiteElo "1837"]
[BlackElo "1954"]
[PlyCount "141"]
[EventDate "2009.11.20"]
[EventType "swiss"]
[EventRounds "5"]
[EventCountry "ITA"]
[SourceTitle "EXT 2024"]
[Source "ChessBase"]
[SourceDate "2023.10.10"]
[SourceVersion "1"]
[SourceVersionDate "2023.10.10"]
[SourceQuality "1"]

1. c4 e6 2. d4 Nf6 3. Nf3 d5 4. e3 c6 5. Bd3 Be7 6. Nbd2 0-0 7. 0-0 Nbd7 8. e4 dxe4 9. Nxe4 Nxe4 10. Bxe4 Nf6 11. Bc2 h6 12. b3 c5 13. Bb2 cxd4 14. Bxd4 Qa5 15. Qe2 Qh5 16. Rfe1 a6 17. Bb6 Bd7 18. Ne5 Qxe2 19. Rxe2 Rfc8 20. Rd1 Be8 21. Red2 a5 22. Bd3 a4 23. Be2 axb3 24. axb3 Ne4 25. Rd3 Nc5 26. Bxc5 Bxc5 27. Bf3 Bc6 28. Bxc6 bxc6 29. Nd7 Ba7 30. c5 Rc7 31. g3 e5 32. Rd6 f6 33. Nb6 Rb8 34. Rd8+ Rxd8 35. Rxd8+ Kf7 36. Kg2 Bxb6 37. cxb6 Rb7 38. h4 Ke7 39. Ra8 Rxb6 40. Ra7+ Ke6 41. Rxg7 Rxb3 42. Rg6 h5 43. Rh6 c5 44. Rxh5 c4 45. Rh8 Kd7 46. Rh7+ Kd6 47. Rh8 Rb7 48. Rc8 Kd5 49. h5 Kd4 50. Kf3 Kd3 51. Rd8+ Kc2 52. Ke4 c3 53. Kf5 Rc7 54. Ra8 Kd1 55. Kxf6 e4 56. Kf5 Re7 57. h6 c2 58. Rd8+ Ke2 59. Rc8 Kd2 60. Rd8+ Ke1 61. Rc8 Kd1 62. Rd8+ Ke1 63. Rc8 Kxf2 64. Rxc2+ Kxg3 65. Kg6 e3 66. h7 Re8 67. Kf7 Rd8 68. Rc7 e2 69. Re7 Kf2 70. Kg7 e1Q 71. Rxe1 1/2-1/2

[Event "Imperia Corallo op 4th"]
[Site "Imperia"]
[Date "2009.11.21"]
[Round "2"]
[White "Pedemonte, Claudio"]
[Black "Ljubisavljevic, Zivojin Z"]
[Result "0-1"]
[WhiteElo "1837"]
[BlackElo "2287"]
[PlyCount "42"]
[EventDate "2009.11.20"]
[EventType "swiss"]
[EventRounds "5"]
[EventCountry "ITA"]
[SourceTitle "EXT 2024"]
[Source "ChessBase"]
[SourceDate "2023.10.10"]
[SourceVersion "1"]
[SourceVersionDate "2023.10.10"]
[SourceQuality "1"]

1. c4 e5 2. g3 f5 3. d3 Nf6 4. Bg2 c6 5. Nc3 Bb4 6. e4 Bxc3+ 7. bxc3 d6 8. Ne2 fxe4 9. dxe4 Na6 10. 0-0 Nc5 11. Qc2 Be6 12. Ba3 Bxc4 13. Bxc5 dxc5 14. Rfd1 Qe7 15. Rab1 0-0 16. a4 Rf7 17. Rd2 Ng4 18. Nc1 Rd8 19. Rxd8+ Qxd8 20. f3 Ne3 21. Qf2 Qd1+ 0-1

[Event "Imperia Corallo op 4th"]
[Site "Imperia"]
[Date "2009.11.20"]
[Round "1"]
[White "Volpara, Riccardo"]
[Black "Pedemonte, Claudio"]
[Result "0-1"]
[WhiteElo "1577"]
[BlackElo "1837"]
[PlyCount "122"]
[EventDate "2009.11.20"]
[EventType "swiss"]
[EventRounds "5"]
[EventCountry "ITA"]
[SourceTitle "EXT 2024"]
[Source "ChessBase"]
[SourceDate "2023.10.10"]
[SourceVersion "1"]
[SourceVersionDate "2023.10.10"]
[SourceQuality "1"]

1. e4 d5 2. exd5 Qxd5 3. Nc3 Qa5 4. d4 Nf6 5. Bd2 c6 6. Ne4 Qc7 7. Nxf6+ gxf6 8. Bc4 Bf5 9. Qh5 Bg6 10. Qf3 Nd7 11. c3 e6 12. Ne2 0-0-0 13. Nf4 Bd6 14. 0-0 f5 15. h3 Nf6 16. Bd3 Ne4 17. Bxe4 fxe4 18. Qe3 Kb8 19. Nxg6 hxg6 20. Qxe4 Rh7 21. Bg5 Rdh8 22. Bf6 Bh2+ 23. Kh1 Rxh3 24. gxh3 Rxh3 25. Qg2 Rh5 26. f4 Bxf4+ 27. Kg1 Be3+ 28. Rf2 Ka8 29. Be5 Qe7 30. Re1 Bxf2+ 31. Qxf2 Rf5 32. Qe3 Qh4 33. Bg3 Qh3 34. Bf4 Qg4+ 35. Qg3 Qxf4 36. Qxf4 Rxf4 37. Kg2 a6 38. Rh1 Ka7 39. Kg3 Rf5 40. b4 Kb6 41. c4 a5 42. a3 Rg5+ 43. Kf3 axb4 44. axb4 Kc7 45. Rh7 Rf5+ 46. Ke4 Kd6 47. Rh8 g5 48. Rg8 b6 49. Rb8 Kc7 50. Rg8 c5 51. dxc5 bxc5 52. b5 Rf4+ 53. Kd3 Rd4+ 54. Kc3 g4 55. Rh8 g3 56. Rh1 f5 57. Rh7+ Kb6 58. Rh6 Rd6 59. Rg6 f4 60. Rf6 g2 61. Rxf4 g1Q 0-1

[Event "Recco op 2nd"]
[Site "Recco"]
[Date "2008.11.30"]
[Round "4"]
[White "Pedemonte, Claudio"]
[Black "Gioseffi, Massimiliano"]
[Result "0-1"]
[WhiteElo "1832"]
[BlackElo "2109"]
[PlyCount "68"]
[EventDate "2008.11.28"]
[EventType "swiss"]
[EventRounds "5"]
[EventCountry "ITA"]
[SourceTitle "EXT 2011"]
[Source "ChessBase"]
[SourceDate "2010.11.26"]
[SourceVersion "1"]
[SourceVersionDate "2010.11.26"]
[SourceQuality "1"]

1. c4 e5 2. g3 Nc6 3. Bg2 g6 4. Nc3 Bg7 5. e4 Nge7 6. Nge2 0-0 7. 0-0 d6 8. d3 Be6 9. h3 Qd7 10. Kh2 h6 11. Nd5 Kh7 12. f4 f5 13. Be3 Nd4 14. Nxd4 exd4 15. Bg1 Ng8 16. Nb4 fxe4 17. Bxe4 Bxh3 18. Bxb7 Bxf1 19. Qxf1 Rab8 20. Bc6 Qf5 21. Be4 Qh5+ 22. Kg2 Rxb4 23. b3 Qg4 24. Qe1 Rbb8 25. Qd2 Rfe8 26. Bf2 c5 27. Rh1 Rxe4 28. dxe4 Nf6 29. Qd3 Re8 30. Rh4 Qe6 31. f5 gxf5 32. exf5 Qe2 33. Qb1 d3 34. Qh1 d2 0-1

[Event "Recco op 2nd"]
[Site "Recco"]
[Date "2008.11.30"]
[Round "5"]
[White "Pedemonte, Claudio"]
[Black "Roversi, Stefano"]
[Result "1-0"]
[WhiteElo "1832"]
[BlackElo "1839"]
[PlyCount "79"]
[EventDate "2008.11.28"]
[EventType "swiss"]
[EventRounds "5"]
[EventCountry "ITA"]
[SourceTitle "EXT 2011"]
[Source "ChessBase"]
[SourceDate "2010.11.26"]
[SourceVersion "1"]
[SourceVersionDate "2010.11.26"]
[SourceQuality "1"]

1. c4 Nf6 2. Nc3 g6 3. e4 d6 4. g3 Bg7 5. Bg2 c5 6. Nge2 Nc6 7. d3 0-0 8. 0-0 a6 9. f4 Bg4 10. h3 Bxe2 11. Nxe2 Rb8 12. Rb1 Qc8 13. f5 b5 14. fxg6 hxg6 15. b3 bxc4 16. dxc4 Ne5 17. Be3 Qc6 18. Nc3 e6 19. Bg5 Nh5 20. Ne2 f6 21. Be3 Bh8 22. Qd2 Qc7 23. g4 Ng7 24. Rf2 Nxc4 25. Qd3 Nxe3 26. Qxe3 c4 27. Nf4 Kh7 28. Rc2 g5 29. Ne2 Rfc8 30. Rxc4 Qxc4 31. bxc4 Rxb1+ 32. Kh2 Rb2 33. Qd3 e5 34. Nc3 Ne8 35. Qd5 Rcb8 36. Qf7+ Bg7 37. Nd5 Rxa2 38. Ne7 Rbb2 39. Qg6+ Kh8 40. Qh5+ 1-0

[Event "Imperia op-A 49th"]
[Site "Imperia"]
[Date "2007.09.03"]
[Round "2"]
[White "Pedemonte, Claudio"]
[Black "Bertino, Paolo"]
[Result "0-1"]
[WhiteElo "1915"]
[BlackElo "2103"]
[PlyCount "64"]
[EventDate "2007.09.02"]
[EventType "swiss"]
[EventRounds "9"]
[EventCountry "ITA"]
[SourceTitle "EXT 2009"]
[Source "ChessBase"]
[SourceDate "2008.11.26"]
[SourceVersion "1"]
[SourceVersionDate "2008.11.26"]
[SourceQuality "1"]

1. c4 e5 2. g3 Nc6 3. Bg2 g6 4. Nc3 Bg7 5. e4 d6 6. Nge2 h5 7. h3 Be6 8. d3 Qd7 9. Nd5 h4 10. g4 f5 11. f3 0-0-0 12. Qa4 Kb8 13. 0-0 Rf8 14. Ne3 Nh6 15. exf5 gxf5 16. b4 fxg4 17. fxg4 e4 18. Rb1 Nxg4 19. b5 Nd4 20. Rb2 Rxf1+ 21. Nxf1 Nf3+ 22. Bxf3 exf3 23. hxg4 Bxb2 24. Bxb2 fxe2 25. Bd4 b6 26. Qb4 exf1Q+ 27. Kxf1 Rf8+ 28. Kg2 Bxg4 29. a4 Qf5 30. Qe1 h3+ 31. Kg1 Qf3 32. Qd2 Qg3+ 0-1